01179nam0a22002651 4500001001100000005001700011021001900028035002600047100004100073101000800114102000700122105001800129200017300147210003900320215001600359300009400375320003800469606017900507700005600686701006000742701005200802801001800854801002200872852001900894rc\350221420250610025118.0 aRUb[74-98678] a(NLR Aleph) 007653584 a20130115d1974 |||y0rusy50 ca0 arus aRU ay z |||||1 aЭкономический анализ хозяйственной деятельности предприятий строительных материалов aМинскcБеларусьd1974 a239 с.d21 aПеред загл. авт.: К.И. Беляй, Ш.П. Дубшан, Х.Д. Левин aСписок лит.: с. 235-236 aПромышленность строительных материалов, предприятияxАнализ хозяйственной деятельности2psbo 1aБеляйbК.И.gКузьма Иванович 1aДубшанbШ.П.gШолом Пейсахович 1aЛевинbХ.Д.gХаим Давыдович 0aRUbNLRgpsbo 1aRUbELAR2rusmarc aNLRj74-3/5993